00788 2200313 4500001002100000005001500021035002000036007000300056008004100059020001800100082000800118084001400126100002400140245007500164260004500239300003100284650002100315520002500336990001200361990001200373990001100385990001200396990001100408990001100419990001100430990001100441990001100452990001100463INLIS00000000000201320180530092859 a0010-0518000083ta180530 g 0 ind  a9786020321004 a745 a745 VLO l0 aVLORENIA, Octavyani1 a50 Boneka Fauna Serba Mini dari Perca Kain Fanel /cVlorenia Octavyani aJakarta :bGramedia Pustaka Utama,c2015 a58 hlm. :bilus. ;c23 cm. aKERAJINAN TANGAN aBibliografi: hlm. 58 a16755 a a16755 b a16755b a16755 a a16755a a16755b a16755b a16755a a16755a a16755b